[Event "3rd KL Open"]
[Site "Kuala Lumpur MAS"]
[Date "2010.04.07"]
[Round "1"]
[White "Mchedlishvili,M"]
[Black "Yee Soon Wei"]
[Result "1-0"]
[WhiteElo "2634"]
[BlackElo "2209"]
[EventDate "2010.04.07"]

1. d4 d5 2. Nf3 Nf6 3. c4 c6 4. Nc3 e6 5. e3 Nbd7 6. Qc2 Bd6 7. Bd3 O-O 8.
O-O dxc4 9. Bxc4 b5 10. Be2 Bb7 11. Rd1 Qc7 12. e4 e5 13. g3 Rfe8 14. dxe5
Nxe5 15. Bg5 Nxf3+ 16. Bxf3 Be5 17. Bxf6 gxf6 18. Bg4 Rad8 19. Bf5 Bc8 20.
Bxc8 Qxc8 21. Rac1 Qe6 22. b3 Bd4 23. Ne2 Qxe4 24. Qxe4 Rxe4 25. Kf1 c5 26.
Nc3 Re5 27. Nxb5 a6 28. Na3 Rde8 29. Nc4 Re2 30. Rd2 R2e6 31. Rdc2 Kg7 32.
Nd2 f5 33. Nf3 f4 34. g4 h5 35. gxh5 Rh8 36. b4 Be3 37. fxe3 Rxe3 38. Rc3
cxb4 39. Rxe3 fxe3 40. Rc5 Re8 41. Ke2 Re4 42. Kd3 Re8 43. Re5 Rb8 44. Nd4
f6 45. Rxe3 Kh6 46. Re6 Rc8 47. Rxf6+ 1-0

[Event "3rd KL Open"]
[Site "Kuala Lumpur MAS"]
[Date "2010.04.07"]
[Round "1"]
[White "Zhou Guijue"]
[Black "Hou Yifan"]
[Result "0-1"]
[WhiteElo "2208"]
[BlackElo "2570"]
[EventDate "2010.04.07"]

1. e4 c5 2. Nc3 d6 3. Bb5+ Nd7 4. d3 g6 5. f4 Bg7 6. Nf3 Nh6 7. O-O a6 8.
Bxd7+ Bxd7 9. h3 O-O 10. Be3 f5 11. e5 Nf7 12. exd6 exd6 13. d4 b6 14. Qd2
Bc6 15. d5 Bd7 16. Rae1 b5 17. Nd1 b4 18. c4 bxc3 19. Nxc3 Rb8 20. b3 Qb6
21. Rc1 Qb4 22. Nb1 a5 23. Qxb4 axb4 24. Nbd2 Ra8 25. Rc2 Bb5 26. Nc4 Rfe8
27. Bc1 Bc3 28. Nfd2 Re2 29. Rd1 Bd4+ 30. Kh2 Ba6 31. Bb2 Bxc4 0-1

[Event "3rd KL Open"]
[Site "Kuala Lumpur MAS"]
[Date "2010.04.07"]
[Round "1"]
[White "Luther,T"]
[Black "Hoang Thi Nhu Y"]
[Result "1-0"]
[WhiteElo "2559"]
[BlackElo "2200"]
[EventDate "2010.04.07"]

1. e4 c6 2. d4 d5 3. Nd2 dxe4 4. Nxe4 Bf5 5. Ng3 Bg6 6. h4 h6 7. Nf3 Nd7 8.
h5 Bh7 9. Bd3 Bxd3 10. Qxd3 Ngf6 11. Bd2 Qc7 12. O-O-O O-O-O 13. Ne4 Nxe4
14. Qxe4 e6 15. Bf4 Bd6 16. Bxd6 Qxd6 17. Kb1 Nf6 18. Qe2 Rhf8 19. Ne5 Qd5
1-0

[Event "3rd KL Open"]
[Site "Kuala Lumpur MAS"]
[Date "2010.04.07"]
[Round "1"]
[White "Nirav Y.,R"]
[Black "Rahman,Zia"]
[Result "0-1"]
[WhiteElo "2183"]
[BlackElo "2558"]
[EventDate "2010.04.07"]

1. e4 g6 2. d4 Bg7 3. c3 d6 4. Bd3 Nf6 5. f4 O-O 6. Nf3 c5 7. dxc5 dxc5 8.
e5 Nd5 9. Be4 Nb6 10. Qe2 Nc6 11. Na3 f6 12. Be3 fxe5 13. Rd1 Qc7 14. Nb5
Qb8 15. Bxc5 exf4 16. h4 Bg4 17. h5 gxh5 18. Bxb6 axb6 19. Rd7 e5 20. Rd6
Bf6 21. Qd3 Kh8 22. a3 Rf7 23. Kf2 Qf8 24. Rd1 Qe7 25. Qd5 Rg7 26. Rd3 Rag8
27. Kf1 h4 28. Ng1 Qf8 29. Nh3 Ne7 30. Qc4 Nf5 0-1

[Event "3rd KL Open"]
[Site "Kuala Lumpur MAS"]
[Date "2010.04.07"]
[Round "1"]
[White "Cao,S"]
[Black "Vakhidov,J"]
[Result "1-0"]
[WhiteElo "2557"]
[BlackElo "2177"]
[EventDate "2010.04.07"]

1. e4 c5 2. Nf3 Nc6 3. Nc3 g6 4. Bc4 Bg7 5. O-O d6 6. h3 a6 7. Re1 b5 8.
Bd5 Bd7 9. Bxc6 Bxc6 10. d4 cxd4 11. Nxd4 Bb7 12. a4 bxa4 13. Rxa4 Nf6 14.
Nb3 Bc6 15. Ra3 O-O 16. Qd3 a5 17. Be3 Nd7 18. Rea1 a4 19. Nd4 Bb7 20. Ndb5
f5 21. Rxa4 Ne5 22. Qf1 fxe4 23. Nd4 Qd7 24. Ra7 Rfd8 25. Nxe4 Rxa7 26.
Rxa7 Qc8 27. Ng5 Nc6 28. Nxc6 Qxc6 29. Ne6 Ra8 30. Rxa8+ Bxa8 31. Bd4 Bxd4
32. Nxd4 Qe4 33. c3 e5 34. Nb5 Qc6 35. c4 Bb7 36. Nc3 Qb6 37. Qc1 Kg7 38.
Qd2 Qc6 39. Qg5 Qxc4 40. Qe7+ Qf7 41. Qxd6 Qf4 42. Qc7+ Qf7 43. Qxe5+ Kg8
44. b4 Qd7 45. b5 Kf7 46. f3 Qd8 47. Ne4 Bxe4 48. fxe4 Qb6+ 49. Kh2 Qa7 50.
Qd6 Ke8 51. b6 1-0

[Event "3rd KL Open"]
[Site "Kuala Lumpur MAS"]
[Date "2010.04.07"]
[Round "1"]
[White "Navalgund,N"]
[Black "Megaranto,S"]
[Result "0-1"]
[WhiteElo "2168"]
[BlackElo "2527"]
[EventDate "2010.04.07"]

1. d4 Nf6 2. c4 c5 3. d5 e6 4. Nc3 exd5 5. cxd5 d6 6. e4 g6 7. f4 Bg7 8.
Bb5+ Nfd7 9. a4 O-O 10. Nge2 Qh4+ 11. g3 Qh3 12. Ng1 Qg2 13. Qf3 Qxf3 14.
Nxf3 Na6 15. Kf2 Nb4 16. Bd2 Nf6 17. h3 a6 18. Bc4 Nd7 19. a5 Re8 20. Rae1
b5 21. axb6 Nxb6 22. Bf1 Bd7 23. g4 Na4 24. Nxa4 Bxa4 25. Be3 Nc2 26. Rc1
Nd4 27. Bd3 Bb5 28. Bxb5 axb5 29. Bxd4 cxd4 30. Rhe1 Ra2 31. Rc2 d3 32. Rd2
Rxb2 33. Rxb2 Bxb2 34. Ke3 Bc3 35. Rd1 f5 36. gxf5 gxf5 37. Rg1+ Kf8 38.
Ng5 fxe4 39. Nxh7+ Ke7 40. Kxe4 d2 41. Kd3 Rc8 42. Ng5 Rc5 43. Ne4 Rxd5+
44. Kc2 Bb4 45. Rd1 Rd4 46. Nxd2 Rxf4 47. Nb3 Rf2+ 48. Kd3 Rf3+ 49. Kc2
Rc3+ 50. Kb2 Rxh3 51. Rd5 Bc3+ 52. Kc2 b4 53. Na5 Ke6 54. Rd3 Rh2+ 55. Kb3
d5 56. Nb7 Rb2+ 57. Ka4 d4 58. Kb5 Kd5 59. Rh3 Rg2 60. Rh5+ Ke4 61. Kc4 Ke3
62. Nc5 Rg8 63. Rh3+ Ke2 64. Rh2+ Kd1 65. Nb3 Rg4 66. Rh1+ Kc2 67. Rh2+ Kb1
68. Rh1+ Kb2 69. Rh2+ Ka3 70. Nc1 d3+ 71. Kxd3 Bb2 72. Ne2 Rg8 73. Kc2 b3+
74. Kd3 Rd8+ 75. Ke3 Be5 76. Rh7 b2 77. Rh1 Rb8 78. Ke4 b1=Q+ 0-1

[Event "3rd KL Open"]
[Site "Kuala Lumpur MAS"]
[Date "2010.04.07"]
[Round "1"]
[White "Dzhumaev,M"]
[Black "Ghosh,D"]
[Result "1-0"]
[WhiteElo "2525"]
[BlackElo "2137"]
[EventDate "2010.04.07"]

1. e4 e5 2. Nf3 Nc6 3. Bc4 Nf6 4. d3 Be7 5. Nbd2 d6 6. c3 O-O 7. h3 Na5 8.
Bb5 a6 9. Ba4 b5 10. Bc2 c5 11. Nf1 Re8 12. Qe2 Nc6 13. g4 d5 14. Ng3 dxe4
15. dxe4 Be6 16. Ng5 c4 17. Be3 Nd7 18. Nxe6 fxe6 19. Rd1 Qc8 20. g5 Nf8
21. h4 Ng6 22. Qg4 Nf4 23. Nh5 Rf8 24. Bxf4 exf4 25. Nxf4 Nd8 26. O-O Bc5
27. e5 Qc7 28. Nh5 Qxe5 29. Nf6+ gxf6 30. gxf6+ Kf7 31. Qg7+ Ke8 32. Qd7+
1-0

[Event "3rd KL Open"]
[Site "Kuala Lumpur MAS"]
[Date "2010.04.07"]
[Round "1"]
[White "Ocantos,M"]
[Black "Iuldachev,S"]
[Result "0-1"]
[WhiteElo "2126"]
[BlackElo "2511"]
[EventDate "2010.04.07"]

1. e4 e5 2. Nf3 Nc6 3. d4 exd4 4. Nxd4 Nf6 5. Nc3 Bb4 6. Nxc6 bxc6 7. Bd3
d5 8. exd5 cxd5 9. O-O O-O 10. Bg5 c6 11. Na4 h6 12. Bh4 Re8 13. c4 Be6 14.
cxd5 Bxd5 15. Nc3 Bxc3 16. bxc3 Be4 17. Bc4 g5 18. Bg3 Qa5 19. Qb3 Bg6 20.
Qb4 Qf5 21. Rad1 a5 22. Qb6 Ne4 23. Bd3 Qf6 24. Bxe4 Bxe4 25. f3 Bg6 26.
Rd6 Qxc3 27. Rxc6 Qd3 28. Rd6 Qc3 29. Rc6 Qd3 30. Rd6 Qe3+ 31. Qxe3 Rxe3
32. Rfd1 Kh7 33. Rd8 Rxd8 34. Rxd8 h5 35. Kf2 Ra3 36. Rd2 Bb1 37. Bd6 Rxa2
38. Rxa2 Bxa2 39. h4 gxh4 40. Be7 h3 41. gxh3 Kg6 42. h4 Kf5 43. Ke3 Bb3
44. Bf8 Bd1 45. Ba3 Ke5 46. Be7 a4 47. Bf8 Kd5 48. f4 Bc2 49. Be7 Ke6 50.
Bf8 Kf5 51. Kf3 Be4+ 0-1

[Event "3rd KL Open"]
[Site "Kuala Lumpur MAS"]
[Date "2010.04.07"]
[Round "1"]
[White "Khamrakulov,D"]
[Black "Vakhidov,N"]
[Result "1-0"]
[WhiteElo "2509"]
[BlackElo "2116"]
[EventDate "2010.04.07"]

1. e4 c5 2. c3 d5 3. exd5 Qxd5 4. d4 Nf6 5. Nf3 Bg4 6. Be2 e6 7. Na3 Nc6 8.
h3 Bh5 9. Be3 cxd4 10. Nb5 Rc8 11. Nbxd4 Nxd4 12. Bxd4 a6 13. Qa4+ Qc6 14.
Qxc6+ Rxc6 15. Ne5 Rc8 16. g4 Bg6 17. Nxg6 hxg6 18. Bf3 Nd5 19. O-O-O f6
20. Kb1 b5 21. Ba7 Rc7 22. Rhe1 Rxa7 23. Bxd5 e5 24. Bc6+ Kf7 25. f4 Be7
26. fxe5 Rxh3 27. e6+ Kf8 28. Rh1 Rxh1 29. Rxh1 Bc5 30. Bd7 f5 31. Rf1 Be7
32. gxf5 gxf5 33. Rxf5+ Bf6 34. Rh5 Ke7 35. Rh8 Rb7 36. Re8+ Kd6 37. Ra8
Rb6 38. Kc2 g5 39. Rf8 Be5 40. Rg8 Bf6 41. a3 Rb7 42. Kd3 a5 43. Rf8 Be5
44. Rf5 Bf4 45. Ke4 b4 46. axb4 axb4 47. c4 Rc7 48. c5+ Ke7 49. Rf7+ Kd8
50. Kd5 1-0

[Event "3rd KL Open"]
[Site "Kuala Lumpur MAS"]
[Date "2010.04.07"]
[Round "1"]
[White "Nik,N"]
[Black "Bui Vinh"]
[Result "1/2-1/2"]
[WhiteElo "2108"]
[BlackElo "2480"]
[EventDate "2010.04.07"]

1. e4 c5 2. Nf3 e6 3. d4 cxd4 4. Nxd4 Nc6 5. Nc3 a6 6. Be3 Nf6 7. Qd2 Bb4
8. f3 d5 9. a3 Qa5 10. Nb3 Bxc3 11. bxc3 Qc7 12. Bg5 dxe4 13. Bxf6 gxf6 14.
fxe4 Ne5 15. Be2 Bd7 16. O-O Bc6 17. Qe3 Nd7 18. Rab1 Rg8 19. g3 Qe5 20.
Nd2 Ke7 21. Bf3 Rxg3+ 22. hxg3 Qxg3+ 23. Kh1 Qh3+ 24. Kg1 Qg3+ 25. Kh1 Qh4+
26. Kg1 Qg3+ 27. Kh1 Qh3+ 28. Kg1 1/2-1/2

[Event "3rd KL Open"]
[Site "Kuala Lumpur MAS"]
[Date "2010.04.07"]
[Round "2"]
[White "Mahmud,S"]
[Black "Mchedlishvili,M"]
[Result "0-1"]
[WhiteElo "2354"]
[BlackElo "2634"]
[EventDate "2010.04.07"]

1. c4 e5 2. Nc3 Bb4 3. g3 Bxc3 4. dxc3 Nc6 5. e4 d6 6. Bg2 Nge7 7. Qe2 Be6
8. Nf3 f6 9. b3 Qd7 10. h3 h6 11. Nd2 O-O 12. Ba3 g5 13. Nf1 f5 14. f3 Qe8
15. Ne3 Qg6 16. g4 fxe4 17. fxe4 Qf6 18. Nf5 Ng6 19. h4 Nf4 20. Qf3 a5 0-1

[Event "3rd KL Open"]
[Site "Kuala Lumpur MAS"]
[Date "2010.04.07"]
[Round "2"]
[White "Hou Yifan"]
[Black "Khairul,A"]
[Result "1-0"]
[WhiteElo "2570"]
[BlackElo "2335"]
[EventDate "2010.04.07"]

1. e4 e5 2. Nf3 Nc6 3. Bb5 a6 4. Ba4 Nf6 5. d3 b5 6. Bb3 Bc5 7. c3 d6 8. h3
Be6 9. Bc2 Bb6 10. O-O Ne7 11. d4 Ng6 12. Be3 O-O 13. a4 Re8 14. Nbd2 Bd7
15. Re1 Bc6 16. c4 bxc4 17. d5 Bxe3 18. fxe3 c3 19. dxc6 cxd2 20. Qxd2 Ne7
21. Qc3 a5 22. Ra3 Ra6 23. Bd3 Rb6 24. Qxa5 Rxb2 25. Qc3 Rb6 26. a5 Rxc6
27. Qa1 Qa8 28. Bb5 Rb8 29. Bxc6 Nxc6 30. Nd2 Nb4 31. Rc1 c5 32. a6 Qa7 33.
Qc3 h6 34. Rca1 Kf8 35. Qc4 Ne8 36. Qc1 Ke7 37. Qd1 Rb6 38. Nc4 Rc6 39. Na5
Rb6 40. Nc4 Rc6 41. Qd2 Nf6 42. Qe2 Nxe4 43. Na5 Rc7 44. Nc4 f6 45. Qg4 Ng5
46. e4 Nc2 47. Qd1 Nxa1 48. Qxd6+ Kf7 49. Rxa1 Ne6 50. Kh2 Re7 51. Qd5 Kg6
52. Nd6 Nf4 53. Qd1 Qa8 54. Qg4+ Kh7 55. Qf5+ Kg8 56. Rb1 Re6 57. Nb5 g6
58. Qg4 h5 59. Qf3 Qxa6 60. Nc7 1-0

[Event "3rd KL Open"]
[Site "Kuala Lumpur MAS"]
[Date "2010.04.07"]
[Round "2"]
[White "Rahman,Zia"]
[Black "Pak,Y"]
[Result "1-0"]
[WhiteElo "2558"]
[BlackElo "2333"]
[EventDate "2010.04.07"]

1. d4 Nf6 2. Nf3 d5 3. c4 c6 4. e3 Bf5 5. Nc3 e6 6. Nh4 Be4 7. f3 Bg6 8.
Qb3 Qc7 9. g4 Be7 10. g5 Nfd7 11. Nxg6 hxg6 12. f4 a6 13. Bd2 dxc4 14. Qxc4
Nb6 15. Qe2 N8d7 16. Bg2 Nd5 17. Rc1 N7b6 18. a3 Nxc3 19. Rxc3 Rd8 20. Rc2
Nc8 21. h4 Nd6 22. h5 Nf5 23. hxg6 Rxh1+ 24. Bxh1 fxg6 25. Be4 Qd7 26. Ba5
Ra8 27. Qd3 Kf7 28. Rh2 Rg8 29. Rh3 Rc8 30. Kf2 Rg8 31. Rh7 Qc8 32. Bxf5
exf5 33. Qb3+ Kf8 34. Rh1 Qd7 35. Kg3 Bd6 36. d5 c5 37. Rh7 Qe7 38. Kf2 b5
39. Qd3 c4 40. Qd2 Qe4 41. Bb4 Ke7 42. Qc3 Qxd5 43. Rxg7+ Rxg7 44. Qxg7+
Kd8 45. Ba5+ Kc8 46. Qxg6 Kd7 47. Qh7+ Kc6 48. Qa7 Qd3 49. Qxa6+ Kd7 50.
Qxb5+ Ke6 51. Qe8+ Kd5 52. Qg8+ Kc6 53. Qa8+ Kd7 54. Qb7+ Ke6 55. g6 Qc2+
56. Kg3 1-0

[Event "3rd KL Open"]
[Site "Kuala Lumpur MAS"]
[Date "2010.04.07"]
[Round "2"]
[White "Ankit,R"]
[Black "Cao,S"]
[Result "0-1"]
[WhiteElo "2334"]
[BlackElo "2557"]
[EventDate "2010.04.07"]

1. e4 e6 2. d4 d5 3. Nd2 h6 4. Bd3 Nf6 5. Ngf3 c5 6. dxc5 Bxc5 7. O-O O-O
8. c3 Nc6 9. Qe2 e5 10. exd5 Nxd5 11. Ne4 Be7 12. Rd1 Qc7 13. Ng3 Rd8 14.
Bf5 Bf8 15. Bxc8 Raxc8 16. Be3 g6 17. Ne4 Nxe3 18. Qxe3 Bg7 19. Qe2 Kh7 20.
g4 Ne7 21. Ng3 Nd5 22. Qe4 Nf4 23. Ne2 Ne6 24. Ng3 Qe7 25. Qe3 Nf4 26. Ne1
b5 27. Nd3 Qg5 28. Qf3 Rc4 29. Ne1 Nh3+ 30. Kg2 Rf4 31. Kxh3 Rxf3 32. Nxf3
Qf6 33. Kg2 Rxd1 34. Rxd1 Qf4 35. h3 e4 36. Nd4 Bxd4 0-1

[Event "3rd KL Open"]
[Site "Kuala Lumpur MAS"]
[Date "2010.04.07"]
[Round "2"]
[White "Megaranto,S"]
[Black "Sukandar,I"]
[Result "1-0"]
[WhiteElo "2527"]
[BlackElo "2316"]
[EventDate "2010.04.07"]

1. Nf3 Nf6 2. c4 e6 3. d4 b6 4. g3 Ba6 5. Qa4 Be7 6. Bg2 O-O 7. O-O Bb7 8.
Bg5 d6 9. Bxf6 Bxf6 10. Nc3 Nd7 11. Rad1 Qe7 12. e4 g6 13. Rfe1 Bg7 14. e5
dxe5 15. Nxe5 Bxg2 16. Kxg2 Nf6 17. d5 Nh5 18. dxe6 fxe6 19. Qd7 Qf6 20. f4
Rad8 21. Ne4 Qf5 22. Qxd8 Bxe5 23. Qd2 Qg4 24. fxe5 Nf4+ 25. Kg1 Nh3+ 26.
Kh1 Rf2 27. Nf6+ Rxf6 28. exf6 1-0

[Event "3rd KL Open"]
[Site "Kuala Lumpur MAS"]
[Date "2010.04.07"]
[Round "2"]
[White "Hoang Thi Bao Tram"]
[Black "Dzhumaev,M"]
[Result "1-0"]
[WhiteElo "2318"]
[BlackElo "2525"]
[EventDate "2010.04.07"]

1. d4 f5 2. Nf3 Nf6 3. g3 g6 4. Bg2 Bg7 5. c4 d6 6. Nc3 O-O 7. O-O Qe8 8.
d5 Na6 9. Rb1 c6 10. b4 Bd7 11. Be3 Nc7 12. Qb3 cxd5 13. cxd5 h6 14. Rfd1
g5 15. Rbc1 Kh8 16. Qb1 Qh5 17. h3 f4 18. g4 Nxg4 19. hxg4 Bxg4 20. Bd4 Ne8
21. Qe4 Rf7 22. Nh2 Bf5 23. Qf3 Qh4 24. Nb5 Bd7 25. Nc7 Bxd4 26. Rxd4 Rc8
27. Rdc4 Nf6 28. Ne6 Rg8 29. Rc7 Bxe6 30. dxe6 Rfg7 31. Rc8 d5 32. R1c7 Ne4
33. Ng4 Rxc8 34. Rxc8+ Kh7 35. Ne5 h5 36. Rf8 Kh6 37. a4 Rh7 38. e3 Rg7 39.
exf4 g4 40. Qe3 Kh7 41. Bxe4+ dxe4 42. Qxe4+ 1-0

[Event "3rd KL Open"]
[Site "Kuala Lumpur MAS"]
[Date "2010.04.07"]
[Round "2"]
[White "Liew Chee Meng,Jimmy"]
[Black "Khamrakulov,D"]
[Result "0-1"]
[WhiteElo "2315"]
[BlackElo "2509"]
[EventDate "2010.04.07"]

1. d4 d5 2. c4 e6 3. Nc3 Nf6 4. Bg5 Be7 5. cxd5 exd5 6. e3 c6 7. Bd3 O-O 8.
Nge2 h6 9. Bxf6 Bxf6 10. O-O Re8 11. b4 Nd7 12. b5 Nf8 13. bxc6 bxc6 14.
Na4 Qd6 15. Qc2 Ne6 16. Rfe1 Bd7 17. Ng3 Rab8 18. Nc5 Rb6 19. Nf5 Qc7 20.
Na6 Qd8 21. Nd6 Rf8 22. a4 c5 23. dxc5 Bxa1 24. Rxa1 Qf6 25. Rd1 Nxc5 26.
Nxc5 Qxd6 27. Be4 Rc8 28. Rxd5 Qxd5 29. Bxd5 Rxc5 0-1

[Event "3rd KL Open"]
[Site "Kuala Lumpur MAS"]
[Date "2010.04.07"]
[Round "2"]
[White "Ram,S"]
[Black "Nguyen Anh Dung"]
[Result "0-1"]
[WhiteElo "2307"]
[BlackElo "2464"]
[EventDate "2010.04.07"]

1. Nf3 Nf6 2. c4 c6 3. d4 d5 4. Qc2 dxc4 5. Qxc4 Bf5 6. Nc3 e6 7. g3 Nbd7
8. Bg2 Be7 9. O-O O-O 10. Qb3 Qb6 11. Qxb6 axb6 12. Nh4 Bc2 13. Bd2 h6 14.
Rfe1 b5 15. a3 Nb6 16. Rac1 Bb3 17. Nb1 Na4 18. Bc3 Ba2 19. Rc2 Rfd8 20. e3
Nd5 21. Bxd5 Bxd5 22. Bb4 Bxb4 23. axb4 Be4 24. Rd2 Bxb1 25. Rxb1 Nb6 26.
Nf3 Nd5 27. Rdd1 Nxb4 28. Ra1 Kf8 29. Kf1 Ke7 30. Ke2 Ra4 31. b3 Raa8 32.
Ne5 f6 33. Nd3 Nxd3 34. Kxd3 e5 35. Ke4 exd4 36. exd4 b4 37. Rac1 Ra2 38.
Ke3 Kd6 39. Rd2 Rda8 40. Rxa2 Rxa2 41. Rc4 b5 42. Rxb4 Kd5 43. h4 h5 44. f3
g5 45. hxg5 fxg5 46. f4 h4 0-1

[Event "3rd KL Open"]
[Site "Kuala Lumpur MAS"]
[Date "2010.04.07"]
[Round "2"]
[White "Swapnil,SD"]
[Black "Fatianova,T"]
[Result "0-1"]
[WhiteElo "2442"]
[BlackElo "2303"]
[EventDate "2010.04.07"]

1. e4 c6 2. d4 d5 3. exd5 cxd5 4. Bd3 Nc6 5. c3 Nf6 6. Bf4 Bg4 7. Qb3 Qc8
8. Nd2 e6 9. Ngf3 Be7 10. h3 Bh5 11. O-O Bg6 12. Bxg6 hxg6 13. Rae1 a6 14.
c4 O-O 15. c5 Nd7 16. Qc3 a5 17. Rc1 Ra6 18. Nb3 a4 19. Nbd2 b6 20. cxb6
Rxb6 21. b3 Qa8 22. Bc7 Ra6 23. Qe3 Rc8 24. Bf4 Nb4 25. Rxc8+ Qxc8 26. a3
Nc2 27. Qd3 axb3 28. Nxb3 Qc4 29. Qxc4 dxc4 30. Nbd2 Nxa3 31. Rc1 Rc6 32.
Nb3 cxb3 33. Rxc6 b2 34. Rc8+ Kh7 35. Nd2 Bb4 36. Nb1 Nxb1 37. Rc2 Bc3 38.
Bc1 Na3 39. Bxb2 Nxc2 40. Bxc3 Nb8 41. Bb2 Nc6 0-1

[Event "3rd KL Open"]
[Site "Kuala Lumpur MAS"]
[Date "2010.04.07"]
[Round "2"]
[White "Melnikova,Y"]
[Black "Liu Dede"]
[Result "1-0"]
[WhiteElo "2272"]
[BlackElo "2423"]
[EventDate "2010.04.07"]

1. e4 c5 2. Nf3 e6 3. d4 cxd4 4. Nxd4 a6 5. Bd3 g6 6. c4 Bg7 7. Nf3 Nc6 8.
Nc3 d6 9. O-O Ne5 10. Nxe5 dxe5 11. Be3 Ne7 12. Na4 Nc6 13. Bc5 Nd4 14. f4
exf4 15. Rxf4 b5 16. cxb5 axb5 17. Nb6 Qc7 18. Qc1 Rb8 19. Kh1 Ba6 20. Na4
Qc6 21. e5 Bh6 22. Be4 Qc7 23. Rxf7 Qxf7 24. Qxh6 bxa4 25. Bxd4 Rc8 26. Be3
Rf8 27. h3 Bb7 28. Bd3 Qd7 29. Rd1 Rf5 30. Qh4 Qc6 31. Qg4 Rd8 32. Rd2 Rf7
33. Bb5 Qxb5 34. Qxe6+ 1-0

[Event "3rd KL Open"]
[Site "Kuala Lumpur MAS"]
[Date "2010.04.08"]
[Round "3"]
[White "Saptarshi,R"]
[Black "Hou Yifan"]
[Result "0-1"]
[WhiteElo "2419"]
[BlackElo "2570"]
[EventDate "2010.04.07"]

1. d4 Nf6 2. Nf3 e6 3. e3 b6 4. Bd3 Bb7 5. O-O d5 6. b3 Bd6 7. Bb2 O-O 8.
Nbd2 c5 9. Ne5 Nc6 10. a3 Ne7 11. Qf3 Rc8 12. Qh3 Ng6 13. f4 cxd4 14. Nxg6
hxg6 15. Bxd4 Bc5 16. Nf3 Bxd4 17. exd4 Ne4 18. Rad1 Rc3 19. Qg4 Qf6 20.
Ne5 Rfc8 21. Qe2 Qe7 22. Ra1 Qe8 23. Ra2 Qe7 24. Raa1 Qe8 25. Ra2 Qd8 26.
Rf3 b5 27. Ra1 Qb6 28. Qe3 Nd6 29. g4 b4 30. Nd7 Qc6 31. Ne5 Qb6 32. Nd7
Qc7 33. Nc5 bxa3 34. Na4 Rc6 35. Rxa3 Ba6 36. Bxa6 Rxa6 37. Ra2 Ne4 38. c4
dxc4 39. Qxe4 cxb3 40. Rxb3 Rxa4 41. Rf2 Qc4 42. Rd3 Ra5 43. Rdd2 Ra1+ 44.
Kg2 Qc1 0-1

[Event "3rd KL Open"]
[Site "Kuala Lumpur MAS"]
[Date "2010.04.08"]
[Round "3"]
[White "Luther,T"]
[Black "Chan,Ni"]
[Result "1-0"]
[WhiteElo "2559"]
[BlackElo "2398"]
[EventDate "2010.04.07"]

1. e4 c5 2. Nf3 Nc6 3. d4 cxd4 4. Nxd4 g6 5. c4 Nf6 6. Nc3 d6 7. Be2 Nxd4
8. Qxd4 Bg7 9. Be3 O-O 10. Qd2 Be6 11. Rc1 Qa5 12. f3 Rfc8 13. b3 a6 14.
Na4 Qxd2+ 15. Kxd2 Nd7 16. Rc2 f5 17. exf5 gxf5 18. Rhc1 Kf8 19. f4 Rab8
20. Nb6 Nxb6 21. Bxb6 Bh6 22. Be3 d5 23. cxd5 Rd8 24. Bf3 Bxd5 25. Bxd5
Rxd5+ 26. Ke2 Rbd8 27. Rc8 Ke8 28. g3 Rxc8 29. Rxc8+ Rd8 30. Rc7 Rd7 31.
Rc8+ Rd8 32. Rxd8+ Kxd8 33. h3 Ke8 34. g4 Kf7 35. Kd3 e6 36. Kd4 fxg4 37.
hxg4 Ke7 38. Ke4 Bg7 39. Bd4 Bxd4 40. Kxd4 Kd6 41. b4 h6 42. Ke4 Kd7 43.
Kd4 Kd6 44. a4 b6 45. Kc4 e5 46. f5 b5+ 47. axb5 axb5+ 48. Kc3 1-0

[Event "3rd KL Open"]
[Site "Kuala Lumpur MAS"]
[Date "2010.04.08"]
[Round "3"]
[White "Cao,S"]
[Black "Hoang Thi Bao Tram"]
[Result "1-0"]
[WhiteElo "2557"]
[BlackElo "2318"]
[EventDate "2010.04.07"]

1. e4 c6 2. d4 d5 3. e5 g6 4. c4 Be6 5. cxd5 Bxd5 6. Nc3 Bg7 7. Nh3 Nh6 8.
Nf4 O-O 9. Bd3 e6 10. O-O Nd7 11. Ncxd5 cxd5 12. Be3 Qb6 13. Qf3 f5 14. a4
Rae8 15. a5 Qb3 16. Rfc1 Rf7 17. Bd2 Bf8 18. Ne2 Ng4 19. Bc3 b6 20. h3 Nh6
21. a6 Rc8 22. Rcb1 Rc4 23. Bxc4 Qxc4 24. Nf4 Re7 25. Rc1 Nb8 26. Qd1 Kf7
27. Nd3 Re8 28. Bb4 Qxd4 29. Bxf8 Kxf8 30. Ra4 1-0

[Event "3rd KL Open"]
[Site "Kuala Lumpur MAS"]
[Date "2010.04.08"]
[Round "3"]
[White "Nguyen Anh Dung"]
[Black "Melnikova,Y"]
[Result "1-0"]
[WhiteElo "2464"]
[BlackElo "2272"]
[EventDate "2010.04.07"]

1. e4 c5 2. Nf3 Nc6 3. c3 d6 4. d4 Nf6 5. Bd3 g6 6. O-O Bg7 7. d5 Nb8 8. h3
O-O 9. c4 e6 10. Nc3 exd5 11. exd5 Ne8 12. Re1 Nd7 13. Bf4 h6 14. Qc2 f5
15. Re6 Ndf6 16. Rae1 Bxe6 17. dxe6 Qb6 18. Nh4 g5 19. Nxf5 gxf4 20. Ne7+
Kh8 21. Ng6+ Kg8 22. Ne7+ Kh8 23. Ng6+ Kg8 24. Nxf8 Kxf8 25. Bh7 Nxh7 26.
Qxh7 Qxb2 27. Nd5 Nf6 28. e7+ Kf7 29. Qf5 Re8 30. Re6 f3 31. Rxf6+ Qxf6 32.
Nxf6 Bxf6 33. Qxf3 Kxe7 34. Qxb7+ Kd8 35. Qa8+ 1-0

[Event "3rd KL Open"]
[Site "Kuala Lumpur MAS"]
[Date "2010.04.08"]
[Round "3"]
[White "Das,Say"]
[Black "Dimakiling,O"]
[Result "1-0"]
[WhiteElo "2216"]
[BlackElo "2441"]
[EventDate "2010.04.07"]

1. e4 c6 2. d4 g6 3. Nc3 Bg7 4. Nf3 d6 5. Be3 Bg4 6. h3 Bxf3 7. Qxf3 Nd7 8.
O-O-O e5 9. dxe5 dxe5 10. Bc4 Ngf6 11. g4 h6 12. h4 Qe7 13. Rhg1 Nb6 14.
Bb3 Nfd7 15. h5 g5 16. Ne2 Qf6 17. Qxf6 Nxf6 18. Ng3 O-O 19. f3 Rfd8 20.
Bc5 Nfd7 21. Be7 Re8 22. Nf5 Nf8 23. Rd6 c5 24. Bd5 Nxd5 25. Rxd5 c4 26.
Rgd1 b5 27. Nxg7 Kxg7 28. Bf6+ Kh7 29. Rxe5 Rxe5 30. Bxe5 Re8 31. Bc3 a5
32. Bxa5 f5 33. Bc3 fxg4 34. fxg4 Kg8 35. Rd6 Rxe4 36. Rxh6 Kf7 1-0

[Event "3rd KL Open"]
[Site "Kuala Lumpur MAS"]
[Date "2010.04.08"]
[Round "3"]
[White "De Ramos,Ju"]
[Black "Bui Vinh"]
[Result "1-0"]
[WhiteElo "2314"]
[BlackElo "2480"]
[EventDate "2010.04.07"]

1. c4 c6 2. Nf3 d5 3. g3 Nf6 4. Bg2 g6 5. b3 Bg7 6. Bb2 O-O 7. O-O a5 8. d3
a4 9. Na3 Na6 10. Nc2 Qb6 11. Rb1 axb3 12. axb3 Rd8 13. Bd4 c5 14. Bc3 Qc7
15. Qc1 Bg4 16. h3 Bc8 17. Be5 Qb6 18. Qb2 Nb4 19. Nxb4 Qxb4 20. cxd5 Rxd5
21. Rfc1 Qb5 22. Ng5 Rd7 23. g4 Rd8 24. Ne4 Nxe4 25. Bxg7 Nd6 26. Bh6 f6
27. Be3 Be6 28. Rxc5 Qd7 29. Rbc1 Rdc8 30. d4 Ra6 31. Rxc8+ Nxc8 32. d5 Bf7
33. Bf4 g5 34. Bg3 Nd6 35. e4 Bg6 36. Qd4 h6 37. e5 fxe5 38. Bxe5 Qe8 39.
Qe3 Qd7 40. Bb2 Ne8 41. Re1 Kf7 42. Bd4 b5 43. Qf3+ Kg8 44. Bc5 Nd6 45. Re6
Bf7 46. Rxh6 Kg7 47. Qc3+ Kf8 48. Qh8+ Bg8 49. Rg6 1-0

[Event "3rd KL Open"]
[Site "Kuala Lumpur MAS"]
[Date "2010.04.08"]
[Round "3"]
[White "Yeoh,L"]
[Black "Purnama,T"]
[Result "1/2-1/2"]
[WhiteElo "1971"]
[BlackElo "2410"]
[EventDate "2010.04.07"]

1. e4 c5 2. c3 Nf6 3. e5 Nd5 4. d4 cxd4 5. cxd4 Nc6 6. Nf3 d6 7. Bc4 Nb6 8.
Bb3 d5 9. Nh4 e6 10. Nf3 f5 11. exf6 Qxf6 12. Nc3 Bd6 13. Bg5 Qf7 14. O-O
O-O 15. Bh4 Bd7 16. Bg3 Bf4 17. Ne2 Bh6 18. Ne5 Nxe5 19. Bxe5 Rac8 20. f4
Nc4 21. Bxc4 Rxc4 22. Qb3 b6 23. Rac1 Rfc8 24. g3 Qh5 25. Nc3 b5 26. a3 g6
27. Qd1 Qxd1 28. Rfxd1 Bf8 29. Na2 a5 30. Rxc4 Rxc4 31. Rc1 Kf7 32. Kf2 Ke8
33. Ke3 Bc6 34. Bc7 a4 35. Ba5 Kd7 36. Bc3 Bb7 37. Re1 Bd6 38. Kd3 Rc8
1/2-1/2

[Event "3rd KL Open"]
[Site "Kuala Lumpur MAS"]
[Date "2010.04.08"]
[Round "3"]
[White "Irwanto,S"]
[Black "Vakhidov,N"]
[Result "1-0"]
[WhiteElo "2414"]
[BlackElo "2116"]
[EventDate "2010.04.07"]

1. d4 Nf6 2. c4 g6 3. Nc3 d5 4. Nf3 Bg7 5. Bg5 Ne4 6. cxd5 Nxg5 7. Nxg5 e6
8. Qd2 exd5 9. Qe3+ Kf8 10. Qf4 Bf6 11. h4 Kg7 12. e4 dxe4 13. Bc4 Rf8 14.
Nd5 Bxg5 15. hxg5 Nc6 16. Rxh7+ 1-0

[Event "3rd KL Open"]
[Site "Kuala Lumpur MAS"]
[Date "2010.04.08"]
[Round "3"]
[White "Navalgund,N"]
[Black "Prathamesh,S"]
[Result "0-1"]
[WhiteElo "2168"]
[BlackElo "2403"]
[EventDate "2010.04.07"]

1. d4 Nf6 2. c4 e6 3. g3 c5 4. d5 exd5 5. cxd5 d6 6. Nc3 g6 7. Bg2 Bg7 8.
Nf3 O-O 9. O-O Re8 10. Nd2 a6 11. a4 Nbd7 12. Nc4 Nb6 13. Nxb6 Qxb6 14. a5
Qc7 15. h3 Nd7 16. Kh2 Rb8 17. e4 b5 18. axb6 Rxb6 19. Qc2 Qb8 20. f4 Rb4
21. Nd1 Nf6 22. Bd2 Rbxe4 23. Bxe4 Rxe4 24. Ne3 Qb5 25. Rae1 Bb7 26. f5
Bxd5 27. fxg6 hxg6 28. Rxf6 Bxf6 29. Nxd5 Re2+ 30. Kh1 Rxe1+ 31. Bxe1 Qf1+
32. Kh2 Bd4 33. Qg2 Qxe1 34. b3 Qb1 35. h4 Qxb3 36. Qe4 Be5 37. Ne3 Qb2+
38. Kh3 Qf2 0-1